| 000 | 00952nam2a22002411 4500 | ||
|---|---|---|---|
| 001 | RU\NLR\INFOCOMM19\1000089389 | ||
| 005 | 20250617142046.0 | ||
| 035 | _a(NLR Aleph) 002658129 | ||
| 090 |
_a3932123 _c3932123 |
||
| 100 | _a20040621d2000 |||y0rusy50 ca | ||
| 101 | 0 | _arus | |
| 102 | _aRU | ||
| 105 | _ay ||||||||| | ||
| 200 | 0 | _a2000, спец. вып. | |
| 210 |
_d2000 _aБ. м. |
||
| 461 | 0 |
_1001RU\NLR\INFOCOMM19\1000089381 _12001#$aВестник ассоциации "Открытый музей"$eПериод. изд.$v2000, спец. вып. _93932106 _a"Открытый музей", ассоциация (Красноярск) _cКрасноярск _d1998-2000 _oПериод. изд. _tВестник ассоциации "Открытый музей" _v2000, спец. вып. |
|
| 801 | 1 |
_aRU _bInfoComm _c20040621 |
|
| 801 | 0 |
_aRU _bNLR _gPSBO |
|
| 852 |
_aNLR _jП23/5093 |
||
| 942 | _cISSUE | ||
| 980 | _aNB | ||
| 980 | _aRUSPER | ||